000 00581nam a22001815i 4500
001 163961
003 ES-MaACL
005 20250724063434.0
008 050722s1876 it | |||||||| ||ita d
040 _aCAM
_bspa
_cCAM
100 1 _aRosa, Gabriele,
_d1812-1897
_9132058
245 1 0 _aFeudi e comuni /
_cde Gabrielle Rosa.
260 _aBrescia :
_bpresso Stefano Malaguzzi editore,
_c1876 (
_fTip. Rechiedei)
300 _a353 p. ;
_c18 cm.
650 4 _aFeudalismo-
_zItalia.
_912771
852 _aES-MaACL
_jG-7587
_z-- Enc. pasta espaƱola
999 _c163961
_d163961